Técnicas modernas aplicadas al análisis de la leche / (Record no. 72742)

MARC details
000 -LEADER
campo de control de longitud fija 00599nam a2200193 i 4500
001 - NÚMERO DE CONTROL
campo de control 72742
003 - IDENTIFICADOR DE NÚMERO DE CONTROL
campo de control ES-MaACL
005 - FECHA Y HORA DE LA ÚLTIMA TRANSACCIÓN
campo de control 20230906171536.0
007 - CAMPO FIJO DE DESCRIPCIÓN FÍSICA--INFORMACIÓN GENERAL
campo de control de longitud fija t|
008 - DATOS DE LONGITUD FIJA--INFORMACIÓN GENERAL
campo de control de longitud fija 040902s1966 sp ||||1| spa d
100 1# - ENTRADA PRINCIPAL--NOMBRE DE PERSONA
Nombre de persona Goded Mur, Antonino.
9 (RLIN) 57512
245 10 - MENCIÓN DEL TÍTULO
Título Técnicas modernas aplicadas al análisis de la leche /
Mención de responsabilidad, etc. Antonino Goded Mur ; con un prólogo de M.E. Sehulz.
250 ## - MENCION DE EDICION
Mención de edición [1ª ed.].
260 ## - PUBLICACIÓN, DISTRIBUCIÓN, ETC.
Lugar de publicación, distribución, etc. Madrid :
Nombre del editor, distribuidor, etc. Dossat,
Fecha de publicación, distribución, etc. 1966.
300 ## - DESCRIPCIÓN FÍSICA
Extensión 445 p. :
Otras características físicas il. ;
Dimensiones 24 cm.
650 #4 - PUNTO DE ACCESO ADICIONAL DE MATERIA--TÉRMINO DE MATERIA
Término de materia o nombre geográfico como elemento de entrada Leche-
Subdivisión general Análisis.
9 (RLIN) 165960
700 1# - ENTRADA AGREGADA--NOMBRE PERSONAL
Nombre de persona Sehulz, M. E.
9 (RLIN) 105238
852 ## - LOCALIZACIÓN
Ubicación ES-MaACL
Número de control de estantería C-28982
Sublocalización o colección R.58415
Holdings
Estatus retirado Estado de pérdida Estado de daño No para préstamo Biblioteca de origen Biblioteca actual Ubicación en estantería Fecha de adquisición Fuente de adquisición Total de préstamos Signatura topográfica completa Código de barras Visto por última vez Precio de reemplazo Tipo de ítem Koha
        Biblioteca del Ateneo de Madrid Biblioteca del Ateneo de Madrid Depósito 2 17/01/2008     C-28982 1076147 23/02/2023 23/02/2023 Libro impreso